| Tag |
First Indicator |
Second Indicator |
Subfields |
| LEADER |
00000cam a2200000 i 4500 |
| 001 |
in00000058638 |
| 005 |
20151008050443.0 |
| 008 |
800110s1979 maua b 00110beng |
| 010 |
|
|
|a 79090456
|
| 020 |
|
|
|a 0316928747 :
|c $14.95
|
| 035 |
|
|
|a (OCoLC)05736758
|
| 035 |
|
|
|9 AAG1131AM
|
| 040 |
|
|
|a DLC
|c DLC
|d TXA
|d UtOrBLW
|
| 043 |
|
|
|a n-us---
|
| 049 |
|
|
|a TXAM
|c [1159778]
|
| 050 |
0 |
0 |
|a HD9710.U52
|b D858
|
| 082 |
0 |
|
|a 338.7/6292/0924
|a B
|
| 100 |
1 |
|
|a Weisberger, Bernard A.,
|d 1922-
|
| 245 |
1 |
4 |
|a The dream maker :
|b William C. Durant, founder of General Motors /
|c by Bernard A. Weisberger.
|
| 250 |
|
|
|a 1st ed.
|
| 264 |
|
1 |
|a Boston :
|b Little, Brown,
|c [1979]
|
| 264 |
|
4 |
|c ©1979
|
| 300 |
|
|
|a xix, 396 pages :
|b illustrations ;
|c 25 cm.
|
| 336 |
|
|
|a text
|b txt
|2 rdacontent
|
| 337 |
|
|
|a unmediated
|b n
|2 rdamedia
|
| 338 |
|
|
|a volume
|b nc
|2 rdacarrier
|
| 500 |
|
|
|a Includes index.
|
| 504 |
|
|
|a Bibliography: pages 365-368.
|
| 600 |
1 |
0 |
|a Durant, William Crapo,
|d 1861-1947.
|
| 610 |
2 |
0 |
|a General Motors Corporation
|x History.
|
| 650 |
|
0 |
|a Businessmen
|z United States
|v Biography.
|
| 999 |
|
|
|a MARS
|
| 999 |
f |
f |
|s 20dfa4f9-61d8-31c8-8270-8b405108c878
|i 04ea7e8e-1739-3097-a6fa-cf6f8ffe8ce2
|t 0
|
| 952 |
f |
f |
|p ric
|a Texas A&M University
|b Rellis Campus
|c Joint Library Facility
|d Remote Storage
|t 0
|e HD9710.U52 D858
|h Library of Congress classification
|i unmediated -- volume
|m A14802738606
|
| 998 |
f |
f |
|a HD9710.U52 D858
|t 0
|l Remote Storage
|